000 00800nam a2200217Ia 4500
005 20241216133455.0
008 210716s2008 xx 000 0 und d
020 _a9788173199172
040 _cAIMIT LIBRARY
041 _aeng
082 _a001.0720046
_21
_b MISJ
245 _aWeb engineering and applications /
_cEdited by J Mishra and P K J Mohapatra.
250 _a1st ed.
260 _aNew Delhi :
_bNarosa Publishing House ,
_c2008.
300 _aviii,215p. ;
_bHB
_c25.9 cm
650 _aA study on parallel crawlers
_9191090
650 _aLayerd defence for web applications
_9191091
650 _aA study on similarity measures for document clustering
_9191092
700 _aMishra, J;Mohapatra, P K J., ed.
_9191093
942 _2ddc
_cBK
_e1st
_i001.0720046 MISJ
999 _c194803
_d194803